000 00178nam a2200073Ia 4500
008 170817s9999 xx 000 0 und d
100 _aSharma.A.S
245 0 _aDictionary Of Psychology
260 _bA. P. H. PUB.
999 _c38527
_d38527